[Event "Klubbmesterskapet 2015 (A)"]
[Site "Ås, Akershus NOR"]
[Date "2015.03.05"]
[Round "6"]
[White "Furnes, Torstein"]
[Black "Taranger, Rune"]
[Result "1-0"]
[WhiteElo "1681"]
[BlackElo "1572"]
[Annotator "Furnes, Torstein"]
[PlyCount "65"]
[EventDate "2015.01.15"]

1. d4 d5 2. c4 e6 3. Nc3 c6 4. cxd5 exd5 5. Nf3 Nf6 6. Bg5 Be7 7. e3 Bf5 8. Bd3
Ne4 9. Bxe7 Qxe7 10. O-O Bg4 11. Be2 Nd7 12. Nxe4 dxe4 13. Nd2 Bxe2 14. Qxe2
O-O 15. f3 f5 16. fxe4 fxe4 17. Qc4+ Kh8 18. Qb3 Nf6 19. Rf4 Rae8 20. Raf1 g5
$6 $16 {Dette bondetrekket svekker svarts kongestilling. Førstevalget til
Fritz var å spille c5.} 21. Rf5 Ng4 $6 $18 ({Fritz mener svart bør spille} 
21... h6) 22. Rf7 ({Jeg tenkte endel på} 22. Rxf8+ Rxf8 23. Rxf8+ Qxf8 24. Nxe4
Qf5 25. Qd3 Nf6 {og hvit har vunnet bonde.}) ({Førstevalget til Fritz er} 22.
h3 Nf6 23. Rxg5) 22... Rxf7 23. Rxf7 Qd6 24. g3 ({Fritz vil heller spille} 24.
Nf1) 24... Qh6 ({Fritz foretrekker} 24... Re7 {Det kan kanskje se litt farlig
ut for svart å tillate} 25. Rf8+ Kg7 26. Qg8+ Kh6 {men svart er trygg ifølge
Fritz.}) 25. Nf1 Qh3 $2 $18 {Tapstrekket ifølge Fritz. Begge har kraftig
tidsnød nå.} ({Fritz foreslår} 25... b5 26. Rxa7 Rf8 27. Rf7) 26. Qxb7 Nxh2 27.
Nxh2 ({Hvit kunne også spilt} 27. Qxc6 Nf3+ 28. Rxf3 exf3 29. Qxe8+ Kg7 30.
Qe5+ Kg6 31. Qe4+ Kg7 32. Qxf3) 27... Qxg3+ 28. Kh1 Qe1+ 29. Kg2 Qe2+ 30. Rf2
Qxe3 31. Qxc6 (31. Qf7 {fører raskest til matt. F.eks.} Rg8 32. Ng4 Qxd4 33.
Nf6 {osv}) 31... Rd8 32. Qf6+ Kg8 33. Qxd8+ 1-0

[Event "Klubbmesterskapet 2015 (B)"]
[Site "Ås, Akershus NOR"]
[Date "2015.02.26"]
[Round "6"]
[White "Bø, Martin"]
[Black "Olsen, Trygve"]
[Result "1/2-1/2"]
[WhiteElo "1174"]
[BlackElo "1240"]
[Annotator "Bø, Martin"]
[PlyCount "90"]
[EventDate "2015.01.15"]

1. e4 c6 2. d4 e5 3. dxe5 Qa5+ 4. Nc3 Qxe5 5. Nf3 Qe7 6. Be2 d6 7. O-O h6 8.
Re1 Be6 9. Bf4 Nd7 10. Nd4 Ne5 11. Nxe6 fxe6 (11... Qxe6 {Gir hvit en fordel
på 0,8, mye bedre enn fxe6}) 12. Bxe5 O-O-O (12... dxe5 13. Bh5+ Qf7 14. Bxf7+
Kxf7) 13. Bg3 e5 14. a4 g5 15. b4 Nf6 16. b5 Qd7 17. bxc6 Qxc6 18. Nd5 Nxd5 19.
Qxd5 Qxd5 20. exd5 h5 21. h3 h4 22. Bg4+ Kb8 23. Bh2 Rh7 24. c4 Rc7 25. Re4 Bg7
26. a5 a6 27. Kf1 Rf8 28. Rc1 (28. f3 Re8) 28... Rc5 29. Ra1 Bf6 30. Bg1 Bd8
31. f3 Rxa5 32. Rxa5 Bxa5 33. Be6 Rf4 34. Be3 Rxe4 35. fxe4 Bd8 36. c5 Kc7 37.
cxd6+ Kxd6 38. Bg4 b5 39. Be2 Kc7 40. Ke1 Kb8 41. Kd2 b4 42. Kc2 (42. Bxa6)
42... a5 43. Kb3 Kc7 44. Ka4 Kd6 45. Kb3 Kc7 (45... Kc7 46. Bc5 Kc8 47. Bb5 Kb8
48. d6 Kb7 49. d7 Ka8 50. Ka4 Kb7 51. Bd6 Kb6 52. Bxe5) 1/2-1/2

[Event "Klubbmesterskapet 2015 (B)"]
[Site "Ås, Akershus NOR"]
[Date "2015.03.05"]
[Round "6"]
[White "Garmark, Vegard"]
[Black "Fuglseth, Jan"]
[Result "0-1"]
[WhiteElo "1219"]
[BlackElo "1404"]
[PlyCount "98"]
[EventDate "2015.01.15"]

1. e4 g6 2. d4 Bg7 3. Nc3 d6 4. Be3 Nf6 5. f3 O-O 6. Qd2 b6 7. Nge2 e6 8. g4 c5
9. h4 h5 10. gxh5 Nxh5 11. O-O-O Nc6 12. Bh3 Ba6 13. Bg4 Bxe2 14. Nxe2 e5 15.
dxc5 dxc5 16. Bxh5 Qxd2+ 17. Rxd2 gxh5 18. Ng3 Nd4 19. Rf2 Rad8 20. Nxh5 Kh8
21. Rg1 Rg8 22. c3 Ne6 23. Rfg2 Rd3 24. Bg5 Nxg5 25. Rxg5 Bh6 26. Kc2 Bxg5 27.
Kxd3 Rd8+ 28. Kc4 Bxh4 29. Rg7 Rd7 30. a4 Bf2 31. Rh7+ Kxh7 32. Nf6+ Kg6 33.
Nxd7 f6 34. Kb5 (34. a5 bxa5 35. Nxc5 $18) 34... Be3 35. Ka6 c4 36. Nxb6 Bxb6
37. Kb5 Kg5 38. Kxc4 Kf4 39. Kb5 Kxf3 40. c4 Kxe4 41. c5 Bxc5 42. Kxc5 Kd3 43.
Kb5 e4 44. b4 e3 45. Ka6 e2 46. b5 e1=Q 47. Kxa7 Qa5+ 48. Kb7 Qxa4 49. b6 Kd4
0-1

[Event "Klubbmesterskapet 2015 (B)"]
[Site "Ås, Akershus NOR"]
[Date "2015.03.05"]
[Round "6"]
[White "Naasen, Nils"]
[Black "Ruud, Kjetil"]
[Result "1-0"]
[WhiteElo "1239"]
[BlackElo "1301"]
[PlyCount "113"]
[EventDate "2015.01.15"]

1. e4 e5 2. Nf3 f5 3. Nc3 fxe4 4. Nxe5 Qf6 5. Ng4 Qe6 6. Be2 d5 7. d4 c6 8. O-O
Nf6 9. Nxf6+ Qxf6 10. Be3 Qg6 11. Bh5 Bd6 12. g3 Bf5 13. Bxg6+ hxg6 14. Qd2 Nd7
15. Bf4 Be7 16. f3 Nf6 17. fxe4 dxe4 18. Rfe1 O-O-O 19. Nd1 Bc5 20. c3 Ng4 21.
Ne3 Nxh2 22. Qxh2 Rxh2 23. Kxh2 Rh8+ 24. Kg2 Be7 25. Rh1 Re8 26. Rh2 c5 27. g4
Bd7 28. d5 g5 29. Bg3 Bf6 30. Rah1 b5 31. Rh8 Kb7 32. Rxe8 Bxe8 33. Nf5 Kb6 34.
Nd6 Bg6 35. Re1 a5 36. Nxe4 Bf7 37. Nxf6 gxf6 38. d6 Bd5+ 39. Kf2 Bc6 40. Re7
c4 41. d7 Bxd7 42. Rxd7 b4 43. Rd6+ Kc5 44. Rxf6 bxc3 45. bxc3 Kb5 46. Rf5+ Ka4
47. Ke3 Ka3 48. Rxa5+ Kb2 49. Kd4 Kc2 50. Re5 Kd2 51. a4 Kc2 52. a5 Kb3 53. a6
Kc2 54. a7 Kc1 55. a8=Q Kb2 56. Re2+ Kb3 57. Qa2# 1-0

[Event "Klubbmesterskapet 2015 (B)"]
[Site "Ås, Akershus NOR"]
[Date "2015.03.06"]
[Round "6"]
[White "Stensland, Martin"]
[Black "Simonsen, Steinar"]
[Result "0-1"]
[WhiteElo "1174"]
[BlackElo "1300"]
[Annotator "Furnes, Torstein"]
[PlyCount "68"]
[EventDate "2015.01.15"]

1. Nf3 e6 2. c4 Nf6 3. Nc3 d5 4. a3 dxc4 5. Qa4+ Nbd7 6. Qxc4 Nb6 7. Qb3 Bd6 8.
Nb5 O-O 9. Nxd6 cxd6 10. d3 Bd7 11. Bg5 Ba4 12. Qb4 Rc8 13. g3 h6 14. Bxf6 Qxf6
15. Bg2 d5 16. O-O Rc2 17. b3 Bc6 18. Nd4 Rd2 19. Qxd2 (19. Nxc6 Rxe2 20. Ne7+
Kh7 21. Nxd5 Nxd5 22. Qxf8 $18) 19... Qxd4 20. e3 Qf6 21. d4 h5 22. h4 e5 23.
a4 Re8 24. f4 exd4 25. Qxd4 Qg6 26. Rac1 Qxg3 27. Rf3 Qxh4 28. Rh3 Qg4 29. Rf3
h4 30. f5 Re4 31. Qd2 d4 32. Rf4 Rxf4 33. exf4 h3 34. Rxc6 bxc6 0-1

[Event "Klubbmesterskapet 2015 (C)"]
[Site "Ås, Akershus NOR"]
[Date "2015.03.05"]
[Round "6"]
[White "Sandvik, Sander"]
[Black "Lange, Magnus Øyvind"]
[Result "1-0"]
[WhiteElo "860"]
[BlackElo "812"]
[PlyCount "42"]
[EventDate "2015.01.15"]

1. e4 c5 2. Nf3 Nc6 3. d4 cxd4 4. Nxd4 Nxd4 5. Qxd4 Qa5+ 6. Bd2 Qc7 7. Qa4 e5
8. Nc3 Nf6 9. Bc4 Bc5 10. f3 Qc6 11. Qb3 O-O 12. O-O-O Qb6 13. Qxb6 Bxb6 14.
Rhe1 d6 15. Nd5 Nxd5 16. Bxd5 Rb8 17. Bg5 h6 18. Be7 Ba5 19. Bxf8 Bxe1 20. Bxd6
Bd2+ 21. Rxd2 Ra8 1-0

[Event "Klubbmesterskapet 2015 (C)"]
[Site "Ås, Akershus NOR"]
[Date "2015.03.05"]
[Round "6"]
[White "Petersen, Rune J"]
[Black "Thorvaldsen, Thomas"]
[Result "1-0"]
[WhiteElo "861"]
[BlackElo "1006"]
[PlyCount "67"]
[EventDate "2015.01.15"]

1. d4 Nf6 2. Nf3 g6 3. Nc3 Bg7 4. e3 O-O 5. Be2 Re8 6. Bd2 d6 7. O-O Nbd7 8.
Bb5 c6 9. Bd3 e5 10. dxe5 Nxe5 11. Nxe5 Rxe5 12. h3 Nd5 13. Nxd5 Rxd5 14. Bc3
Qg5 15. f4 Qe7 16. Qe2 Bxc3 17. bxc3 Rc5 18. c4 Qh4 19. Rf3 Rh5 20. Raf1 Be6
21. f5 gxf5 22. Rf4 Qg5 23. R1f3 Qg6 24. Qf2 Kh8 25. Bxf5 Bxf5 26. Rxf5 Rxf5
27. Rxf5 Rf8 28. Rf6 Qh5 29. Rxd6 Qc5 30. Qf6+ Kg8 31. Rd4 Re8 32. Rg4+ Kf8 33.
Qh8+ Ke7 34. Re4+ 1-0

[Event "Klubbmesterskapet 2015 (A)"]
[Site "Ås, Akershus NOR"]
[Date "2015.04.23"]
[Round "7"]
[White "Støle, Andreas"]
[Black "Brenden, Torbjørn"]
[Result "1-0"]
[WhiteElo "1500"]
[BlackElo "1407"]
[Annotator "Støle, Andreas"]
[PlyCount "97"]
[EventDate "2015.01.15"]

1. b4 {Shock your oppenent!} Nf6 2. Bb2 e6 {Queen's Indian system} 3. b5 Be7 4.
Nf3 O-O 5. e3 d5 {Overraskelsesmomentet fra åpningen hadde liten effekt på sort
} 6. c4 (6. Be2) 6... c6 7. Be2 (7. a4 {Hvit vil helst beholde bonden på b5 så
lenge som mulig, dette hadde dermed vært en forbedring}) 7... dxc4 8. Bxc4 cxb5
9. Bxb5 Qb6 10. Qb3 Bd7 11. Nc3 Bxb5 12. Nxb5 Nbd7 13. Nbd4 Qxb3 14. Nxb3 Rac8
{Sort har en veldig god stilling uten spesielle svakheter. Hvit ligger en
smule etter på utviklingen, men har en ekstra sentrumsbonde. Nå gjelder det å
finne riktig plan og utvikling.} 15. O-O {Kongen i sikkerhet, fremdeles en del
brikker på brettet} Rc7 16. Nfd4 a6 17. a4 b6 18. f4 $6 {Tar kontrol på e5
uten å blokkere for løperdiagonalen, men skaper noen store hull og svakheter
på de hvite feltene.} Bb4 19. Nf3 {Hvit vil gjerne legge press på sorts bønder
på flanken og bruke sentrumsbonden sin. Men sort står veldig solid og brikkene
hans står på gode felter.} Rfc8 20. Ba3 Bxa3 21. Rxa3 Rc4 22. Rb1 Rb4 23. Raa1
Rcc4 24. a5 b5 25. Nbd4 Rxb1+ {Remitilbud fra sort} 26. Rxb1 g6 27. h3 Rc5 28.
Kf1 Ne4 29. Ke2 Nd6 30. d3 Nb7 31. Nd2 Rc7 (31... Nxa5 {Sort klarer ikke å
beholde bonden} 32. Ne4 Rd5 33. Ra1 b4 34. Rb1) 32. N2b3 Kf8 33. g4 e5 34. fxe5
Nxe5 35. Kd2 Ke7 36. Rf1 Nc5 37. Nxc5 Rxc5 38. Nc2 {Springeren sikter seg inn
mot b4} Rc6 39. Nb4 Rd6 40. Kc3 h6 41. e4 f6 42. Nd5+ Kf7 43. Kd4 Kg7 44. Rc1
g5 45. Rc7+ Kg6 46. Kc5 Re6 47. Ne7+ Kf7 48. Nf5+ Ke8 $2 49. Ng7+ {Et langt
parti med mange litt upresise trekk fra begge sider og hvor sort sto litt
bedre veldig lenge.} 1-0

[Event "Klubbmesterskapet 2015 (A)"]
[Site "Ås, Akershus NOR"]
[Date "2015.03.19"]
[Round "7"]
[White "Lange, Holger"]
[Black "Lea, Per"]
[Result "1/2-1/2"]
[WhiteElo "1587"]
[BlackElo "1598"]
[Annotator "Lange,Holger"]
[PlyCount "134"]
[EventDate "2015.01.15"]

1. d4 d5 2. c4 e6 3. Nc3 Nf6 4. Bg5 Be7 5. e3 c6 6. Nf3 Nbd7 7. Bd3 dxc4 8.
Bxc4 Nd5 9. Bxe7 Qxe7 10. O-O Nxc3 11. bxc3 e5 12. e4 $1 {her var jeg "ute av
bok", men fant tilfeldig den sterkeste trekk, som finnes fortsatt i databasen}
O-O 13. Bd3 {N Mer vanlig er Te1} exd4 14. cxd4 c5 15. d5 Ne5 16. Nxe5 Qxe5 17.
Rc1 {Hvits sentrum ser fint ut, svart kan undermindere det med f.eks. 17. ...
f5.} Qd6 $6 {da der det hvit som står best, og skulle fortsette med 18. f4} 18.
Qc2 $6 b6 19. e5 $2 {for tidlig.} (19. f4 {[%emt 0:00:00] så blir romfordel
avgjørende}) 19... Qxe5 20. Bxh7+ Kh8 21. Rfe1 Qd6 (21... Qxd5 $4 22. Be4 $18)
22. Be4 f5 23. Bf3 Bd7 {ganske lik i følge silikonhjerner. Motiv er fribonde
mot fribonde} 24. Qc4 Rf6 25. h3 {fristende men dårlig er} (25. Qh4+ Rh6) 25...
Re8 26. Qa6 Qc7 27. Rxe8+ Bxe8 28. Qe2 Bf7 29. Re1 Kg8 30. Qa6 Rd6 31. Qc4 Qd8
32. Rd1 Qe7 33. Qf4 {Hvit må spille nøyaktig for å ikke miste bonden på d5} Qf6
34. h4 {rettet mot ...g5, jeg var redd for det men ifølge Stockfish er det
ikke spesielt farlig.} g6 35. g3 Qe7 36. Kg2 Kg7 37. Rd3 Qd7 38. Kh2 b5 39. a3
a5 40. Qd2 {Tidskontroll rekket for hvit. Jeg hadde inntrykk å ha alt under
kontroll, 40. ...b4 er opplagt men hvit å stoppe fribonden med nøyaktig spill.
Svart derimot måtte trekke før tidskontroll og hadde mindre en to minuter her.
Bonde a5 henger, derfor...} Qc7 $4 41. Qb2+ {og partiet er plutselig tapt for
svart!} Kh7 42. Qxb5 Qa7 43. Kg2 Kh6 44. Qc4 {truer Df4+ og tårnet faller} Rd8
45. Rc3 Rc8 46. g4 $2 {jeg var stolt at jeg fant trekket som brekker opp
bondestilling og skaffer trusler mot kongen, men datamaskinen har ikke det
blant de beste 10 trekkene!, og fordel faller fra +4 til +1.5} Qd7 47. Qf4+ Kh7
48. gxf5 $6 {bedre er} (48. d6 {eller}) (48. Kg3) 48... gxf5 49. Qe5 $2 Rg8+ $2
{etter} (49... Re8 $1 {faller bonden på d5:} 50. Qf6 Bxd5 51. Rd3 Bxf3+ 52.
Rxf3 Rg8+ {og fordelen er borte!}) 50. Kh2 Re8 51. Qf4 Rd8 52. d6 $2 {og
hvorfor ikke} (52. Rxc5) 52... c4 53. Qe5 Re8 $4 {når er det svart sin tur å
bomme: med} (53... Qxd6 {er remis i rekkevidde igjen}) 54. Qf4 Rb8 55. Re3 Be6
$4 56. Qe5 $2 {nei! Her vinner elegant} (56. Bd5 $3 Bxd5 {(alt annen er mye
dårligere)} 57. Re7+ {1-0}) 56... Re8 57. Qc5 $2 (57. Bd5 $1 {igjen! Jeg hadde
sett mulighet men var rett for} Bf7 {uten grunn:} 58. Qf6 Bxd5 59. Rxe8 Qxe8
60. Qxf5+ Kg7 61. Qxd5 $18) 57... a4 58. Qc7 $2 (58. Bc6 Rc8 59. Bxd7 Rxc5 60.
Bxe6 {og over}) 58... f4 59. Re5 {nei nei nei!} (59. Rxe6 $1 {er en bombe. Her
var det fortsatt 5 min på klokka, men det var allerede seint på kvelden...}
Qxc7 60. dxc7 Rc8 61. Rc6 {og farvel svart}) 59... c3 60. Rc5 Rc8 61. Qxc8 $2 {
det fine} (61. Rh5+ $1 Kg7 62. Qa5 Qxd6 63. Qg5+ Kf7 64. Rh7+ Ke8 65. Qg6+ Kd8
66. Qf6+ {med matt i få trekk hadde jeg ikke vurdert en gang, men}) (61. Rxc3
Rxc7 62. Rxc7 {er også veldig gøy}) 61... Qxc8 62. Rxc8 Bxc8 63. Be4+ Kg7 64.
Bc2 Bd7 65. Kg2 Bc6+ 66. f3 Kf6 67. Kf2 Ke6 {ytterligere et tapstrekk -
fribonden på h4 er ustoppelig. Med det samme kom remistilbud fra Per. Tid på
klokka: hvit 2 min 18 s, svart 2 min 20 s. Jeg står bonde over, det ser ut at
jeg taper en men har den på h4. Klarer jeg å vinne det helt til matt i bare 2
min, eller kommer jeg å tape på tid....så gjorde jeg mitt største tabbe i
partiet: jeg AKSEPTERTE REMIS ???} ({h5 Kf6 h6} 67... Be8 {h7 Kg7 og hvit kan
gjøre hva han vil, f.eks. vinne partiet ganske lett...}) 1/2-1/2

[Event "Klubbmesterskapet 2015 (A)"]
[Site "Ås, Akershus NOR"]
[Date "2015.03.19"]
[Round "7"]
[White "Taranger, Rune"]
[Black "Holm, Bjarne"]
[Result "1/2-1/2"]
[WhiteElo "1572"]
[BlackElo "1547"]
[PlyCount "83"]
[EventDate "2015.01.15"]

1. e4 e5 2. Nf3 Nc6 3. Bc4 Nf6 4. d3 Be7 5. O-O d6 6. c3 Bg4 7. Nbd2 O-O 8. Re1
a6 9. Bb3 b5 10. Nf1 Na5 11. Bc2 c5 12. Ng3 Qd7 13. h3 Be6 14. Nh2 Nc6 15. f4
exf4 16. Bxf4 a5 17. Kh1 d5 18. e5 Ne8 19. Nh5 f6 20. Qe2 f5 21. Nf3 Nd8 22. d4
c4 23. Ng5 Ra6 24. Ng3 g6 25. Rf1 Kg7 26. Qe3 Kh8 27. h4 Nf7 28. h5 Nxg5 29.
Bxg5 Qd8 30. Bxe7 Qxe7 31. hxg6 hxg6 32. Qh6+ Qh7 33. Qxh7+ Kxh7 34. Kg1 Kg7
35. Kf2 Rh8 36. Rh1 Rh6 37. Rxh6 Kxh6 38. Rh1+ Kg7 39. Ne2 Nc7 40. Nf4 Bd7 41.
Kg3 Ra8 42. Bd1 1/2-1/2

[Event "Klubbmesterskapet 2015 (A)"]
[Site "Ås, Akershus NOR"]
[Date "2015.03.19"]
[Round "7"]
[White "Moberg, Jan Rune"]
[Black "Furnes, Torstein"]
[Result "0-1"]
[WhiteElo "1516"]
[BlackElo "1681"]
[Annotator "Furnes, Torstein"]
[PlyCount "54"]
[EventDate "2015.01.15"]

1. Nf3 d5 2. d4 Nf6 3. Bg5 Ne4 4. Bf4 Nd7 5. e3 Ndf6 6. h3 e6 7. Bd3 {Hittil
har vi fulgt partier som finnes i chesslive.de. Men svarts neste trekk er ikke
spilt tidligere.} c5 8. c3 c4 9. Be2 Bd6 10. Ne5 {Hvit truer å spille f3 og
den svarte springeren har ingen fluktfelter. Derfor spiller jeg Lc7 for å gi
springeren et retrettfelt på d6. Men Fritz mener at svart ikke trenger å være
redd for f3.} Bc7 ({Fritz mener svart trygt kan spille} 10... O-O 11. f3 Nh5
12. fxe4 Nxf4 13. exf4 Qh4+ 14. Kd2 Qxf4+ 15. Kc2 Qxe4+ 16. Kc1 Qxg2 $11 {
Svart har fått tre bønder for offiseren.}) 11. O-O O-O 12. f3 $6 {Ifølge Fritz
en liten svekkelse.} Nd6 13. Bg5 h6 14. Bh4 Nf5 15. Bf2 Nd7 16. f4 Nxe5 17.
fxe5 Qg5 18. Qd2 f6 19. e4 Ng3 20. Bxg3 ({Hvit må selvsagt unngå} 20. Qxg5 $4
Nxe2+ 21. Kh1 hxg5 $19) 20... Qxg3 21. exf6 $2 {Tapstrekket. Hvit overser at
løperdiagonalen åpnes slik at svart får sjakket på h2. Svart får nå avgjørende
angrep.} Qh2+ (21... dxe4 {er enda sterkere. Hvit mister mye materiell.} 22.
f7+ Kh8 23. Rf3 exf3 24. Bxf3 Rxf7 $19) 22. Kf2 Bg3+ 23. Ke3 Qxg2 (23... Rxf6 {
er sterkere. F.eks.} 24. Qc2 (24. Rxf6 Qg1+ 25. Kf3 Qf2+ 26. Kg4 e5+ 27. Rf5
Bxf5+ 28. exf5 Bf4 29. Qc2 Qg3+ 30. Kh5 Qg5#) 24... Rxf1 25. Bxf1 Bd7 26. Kd2
Rf8 27. Qd1 Rf2+ 28. Kc1 Bf4+ 29. Nd2 Bxd2+ 30. Kb1 Ba4 31. b3 Bxc3 $19) 24.
Qd1 Qxe4+ 25. Kd2 Bf4+ 26. Ke1 Be3 $6 {Truer matt med Dh4. Men svart hadde
flere andre trekk som er sterkere.} ({Svarts beste trekk er} 26... Rxf6 27. Na3
(27. Rxf4 Qxf4 28. Qd2 Qg3+ 29. Kd1 Rf2 30. Na3 e5 31. dxe5 Bxh3) 27... Bg5 28.
Rxf6 Bxf6 {Svart leder med to bønder, men Fritz mener at svartfordelen er oppe
i -11 !}) 27. Nd2 $4 {Overser svarts matt-trussel.} ({Hvits beste forsvar er} 
27. Bf3 Qh4+ 28. Ke2 Bg5 29. Nd2 $19) (27. Qa4 {er også mulig} e5 28. Nd2 Bxd2+
29. Kxd2 exd4 $19) 27... Qh4+ 0-1

[Event "Klubbmesterskapet 2015 (A)"]
[Site "Ås, Akershus NOR"]
[Date "2015.03.19"]
[Round "7"]
[White "Kielland-Lund, Jon"]
[Black "Thowsen, Alf Geir"]
[Result "1-0"]
[WhiteElo "1547"]
[BlackElo "1224"]
[PlyCount "57"]
[EventDate "2015.01.15"]

1. c4 e5 2. Nc3 Nf6 3. Nf3 d6 4. d4 exd4 5. Nxd4 g6 6. g3 Bg7 7. Bg2 O-O 8. O-O
Re8 9. Bg5 Nbd7 10. Qd2 Ne5 11. b3 c6 12. Rad1 Qc7 13. Nc2 Rd8 14. Qf4 Bf5 15.
e4 Nh5 16. Bxd8 Qxd8 17. Qd2 Be6 18. c5 Bh3 19. f4 Bxg2 20. Kxg2 Ng4 21. h3
Ngf6 22. e5 Ne8 23. cxd6 f6 24. e6 f5 25. Ne2 Nhf6 26. d7 Nc7 27. e7 Qxe7 28.
d8=Q+ Rxd8 29. Qxd8+ 1-0

[Event "Klubbmesterskapet 2015 (B)"]
[Site "Ås, Akershus NOR"]
[Date "2015.03.19"]
[Round "7"]
[White "Fuglseth, Jan"]
[Black "Naasen, Nils"]
[Result "1-0"]
[WhiteElo "1404"]
[BlackElo "1239"]
[Annotator "Fuglseth, Jan"]
[PlyCount "69"]
[EventDate "2015.01.15"]

1. c4 e5 2. Nc3 Nf6 3. Nf3 Nc6 4. g3 Bb4 5. Bg2 O-O 6. O-O Bxc3 7. bxc3 Re8 {
Nils har forberedt seg godt på åpningen.} 8. Qc2 d6 9. Rb1 Ne7 10. d4 {Et av
de svakest mulige trekkene i stillingen.} Bf5 11. Qb3 Bxb1 12. Qxb1 exd4 13.
cxd4 Rb8 {Sort har vunnet en kvalitet, men hvit står igjen med noen fine
diagonaler med løperparet og dronningen.} 14. Bb2 {Svakt trekk i følge Fritz,
men viser seg å bli viktig for sluttkombinasjonen.} Ng6 15. e3 c6 16. h4 h6 17.
Bh3 {Tanken var at sort antageligvis vil blokkere h1-a8 diagonalen. Hvit kan
fremprovosere en svakhet med Lf5 og etterpå plassere hvit løper på en bedre
diagonal. dessuten blir g4 mulig. alt dette er viktig for utfallet.} Qe7 18.
Bf5 Nf8 19. Nd2 g6 20. Bd3 d5 21. Nf3 Ne4 22. cxd5 cxd5 23. Ne5 Nd2 24. Qd1
Nxf1 25. Kxf1 Kg7 26. Qf3 Qe6 27. h5 Qh3+ {Svakt trekk som endrer partiet} 28.
Ke2 {Kg1 er mye bedre} Rxe5 29. dxe5 {Det var ingen andre valg enn å gi
kvaliteten tilbake} Qxh5 {Au. Fullfører en god ide, men Nils overså g4} 30. e6+
{Kombinasjonen kan kanskje være lærerik ?} f6 31. Bxf6+ Kg8 32. g4 Qh2 33. Qxd5
Qc7 34. e7+ Kh7 35. Qf7# 1-0

[Event "Klubbmesterskapet 2015 (B)"]
[Site "Ås, Akershus NOR"]
[Date "2015.03.27"]
[Round "7"]
[White "Rønbeck, Bjørn"]
[Black "Bø, Martin"]
[Result "0-1"]
[WhiteElo "1158"]
[BlackElo "1174"]
[Annotator "Bø, Martin"]
[PlyCount "76"]
[EventDate "2015.01.15"]

1. b3 e5 2. Bb2 Nc6 3. Nf3 e4 4. Nd4 Nge7 5. g3 Nxd4 6. Bxd4 Nc6 7. Bb2 d5 8.
Bg2 Be6 9. Na3 f5 10. e3 Qd7 11. Qe2 O-O-O 12. O-O Rg8 13. Rfd1 g5 (13... f4
14. exf4 Bg4 15. Qe3 Bxd1 16. Rxd1) 14. d3 exd3 15. cxd3 Bg7 16. d4 f4 17. Nc2
Bh3 18. exf4 Bxg2 19. Kxg2 gxf4 20. Rd3 Rde8 21. Qf3 fxg3 22. fxg3 Rgf8 23. Qd1
h5 (23... Qf5 24. Rf3 Qe4 25. Ne1 Qe2+) 24. Rf3 h4 25. Rxf8 h3+ 26. Kg1 Rxf8
27. Qd3 Ne7 28. Ba3 Rg8 29. Qh7 Qg4 30. Rf1 Bxd4+ (30... Rh8 31. Qd3 Nc6) 31.
Nxd4 Qxd4+ 32. Rf2 Rf8 33. Qxh3+ Kb8 34. Qf1 Rxf2 35. Qxf2 Qd1+ 36. Kg2 Ng6 37.
Qf7 Qe2+ 38. Kh3 (38. Qf2 Qg4 39. Qe3 b6 40. h3 Nh4+ 41. Kh2 Nf3+ 42. Kg2 Nh4+
43. Kh2 Nf3+ 44. Kg2 Nh4+ {Finnes flere remisvarianter etter De2+.
Dronningbytte er bra for hvit}) 38... Qh5+ (38... Qh5+ 39. Kg2 Nh4+ 40. gxh4
Qxf7) 0-1

[Event "Klubbmesterskapet 2015 (B)"]
[Site "Ås, Akershus NOR"]
[Date "2015.03.23"]
[Round "7"]
[White "Ruud, Kjetil"]
[Black "Svebestad, Erlend"]
[Result "1-0"]
[WhiteElo "1301"]
[BlackElo "1360"]
[PlyCount "79"]
[EventDate "2015.01.15"]

1. e4 c6 2. d4 d5 3. e5 Bf5 4. Bd3 Bxd3 5. Qxd3 e6 6. Ne2 c5 7. c3 Nd7 8. Qg3
cxd4 9. cxd4 Ne7 10. O-O Nf5 11. Qg4 Qb6 12. Nbc3 Be7 13. Nxd5 exd5 14. Qxf5
Qb5 15. Nc3 Qc6 16. Qf3 Rd8 17. Qxd5 Qxd5 18. Nxd5 Nf8 19. Nxe7 Kxe7 20. Be3
Ne6 21. Rfd1 Rd5 22. Rd2 Rhd8 23. Rad1 R8d7 24. f4 f5 25. exf6+ Kxf6 26. g4 h6
27. h4 g5 28. f5 Ng7 29. hxg5+ hxg5 30. Kf2 Re7 31. Re1 Red7 32. Rh1 Ne8 33.
Rh6+ Kg7 34. Rg6+ Kf7 35. Kf3 Nd6 36. Rxg5 Re7 37. Rh2 Ne4 38. Rh7+ Kf8 39.
Rxe7 Rxd4 40. Rgg7 1-0

[Event "Klubbmesterskapet 2015 (B)"]
[Site "Ås, Akershus NOR"]
[Date "2015.03.19"]
[Round "7"]
[White "Simonsen, Steinar"]
[Black "Garmark, Vegard"]
[Result "0-1"]
[WhiteElo "1300"]
[BlackElo "1219"]
[Annotator "Lea, Per"]
[PlyCount "62"]
[EventDate "2015.01.15"]

1. c4 e5 2. Nc3 Nf6 3. Nf3 Nc6 4. g3 d5 5. cxd5 Nxd5 6. Bg2 Be7 7. Nxd5 Qxd5 8.
O-O e4 9. Ne1 h5 10. d3 h4 11. Bxe4 Qh5 12. Bf3 Bg4 13. Bxg4 Qxg4 14. f3 Qg6
15. g4 O-O-O 16. Ng2 Bc5+ 17. Kh1 Bd6 18. Qd2 h3 19. Nf4 Qf6 20. Qc3 Be5 21.
Qd2 Qd6 22. e3 g5 23. Nh5 Qxd3 24. Qf2 f5 25. Ng3 fxg4 26. e4 gxf3 27. Bxg5 Rd7
28. Qxf3 Bxb2 29. Rab1 Qxf3+ 30. Rxf3 Bd4 31. Rbf1 Rg7 {Herfra og ut er
notasjonen uforståelig. I følge noteringsskjemat var fortsettelsen: 32.Ld3 Sf5
33.Sf5 Tg2 34.Sxd4 Sd# (uleslelig) 35.Tf8 Tcxf8 36.Kd7 37- Lb4 Txa2 38. Lc3
Ta2 39. Lxd4 c5 40.Lg1 d5 41.Th8 a5 42.Txh3 b4 43.Th5 Kc6 44.e5 a4 45.Th6 Kb7
46.Tb6+ Ke8 47.e6 b3 48.Tb81 Ke7 50.Tb7+ Kxb7 51.Txb2} 0-1